<?xml version="1.0" encoding="UTF-8"?>
<record
    xmlns:xsi="http://www.w3.org/2001/XMLSchema-instance"
    xsi:schemaLocation="http://www.loc.gov/MARC21/slim http://www.loc.gov/standards/marcxml/schema/MARC21slim.xsd"
    xmlns="http://www.loc.gov/MARC21/slim">

  <leader>00621nam a22001817a 4500</leader>
  <controlfield tag="003">OSt</controlfield>
  <controlfield tag="005">20260609150656.0</controlfield>
  <controlfield tag="008">260609b        |||||||| |||| 00| 0 eng d</controlfield>
  <datafield tag="020" ind1=" " ind2=" ">
    <subfield code="a">087120201</subfield>
  </datafield>
  <datafield tag="040" ind1=" " ind2=" ">
    <subfield code="c">Chuka University Library</subfield>
  </datafield>
  <datafield tag="050" ind1=" " ind2=" ">
    <subfield code="a">LB 1028.25</subfield>
    <subfield code="b">.S3 1993</subfield>
  </datafield>
  <datafield tag="100" ind1=" " ind2=" ">
    <subfield code="a">Sagor Richard</subfield>
    <subfield code="9">27323</subfield>
  </datafield>
  <datafield tag="245" ind1=" " ind2=" ">
    <subfield code="a">How to Conduct Collaborative Action Research</subfield>
  </datafield>
  <datafield tag="260" ind1=" " ind2=" ">
    <subfield code="a">Virginia USA</subfield>
    <subfield code="b">Association  for Supervision and Curriculum Development Alexandria</subfield>
    <subfield code="c">1993</subfield>
  </datafield>
  <datafield tag="300" ind1=" " ind2=" ">
    <subfield code="a">v 80  pages</subfield>
    <subfield code="b">illustrated includes indexes</subfield>
  </datafield>
  <datafield tag="650" ind1=" " ind2=" ">
    <subfield code="a">Action research in Education-United States-Methodology</subfield>
    <subfield code="9">28020</subfield>
  </datafield>
  <datafield tag="942" ind1=" " ind2=" ">
    <subfield code="2">lcc</subfield>
    <subfield code="c">BK</subfield>
    <subfield code="n">0</subfield>
  </datafield>
  <datafield tag="952" ind1=" " ind2=" ">
    <subfield code="0">0</subfield>
    <subfield code="1">0</subfield>
    <subfield code="2">lcc</subfield>
    <subfield code="4">0</subfield>
    <subfield code="7">0</subfield>
    <subfield code="8">LGL</subfield>
    <subfield code="a">CHK</subfield>
    <subfield code="b">CHK</subfield>
    <subfield code="c">GEN</subfield>
    <subfield code="d">2026-06-09</subfield>
    <subfield code="e">Donation from Books for Africa</subfield>
    <subfield code="g">855.97</subfield>
    <subfield code="l">0</subfield>
    <subfield code="o">LB 1028.25 .S3 1993</subfield>
    <subfield code="p">33614/2026</subfield>
    <subfield code="r">2026-06-09 15:09:34</subfield>
    <subfield code="t">4</subfield>
    <subfield code="w">2026-06-09</subfield>
    <subfield code="y">BK</subfield>
  </datafield>
  <datafield tag="952" ind1=" " ind2=" ">
    <subfield code="0">0</subfield>
    <subfield code="1">0</subfield>
    <subfield code="2">lcc</subfield>
    <subfield code="4">0</subfield>
    <subfield code="7">0</subfield>
    <subfield code="8">LGL</subfield>
    <subfield code="a">CHK</subfield>
    <subfield code="b">CHK</subfield>
    <subfield code="c">GEN</subfield>
    <subfield code="d">2026-06-09</subfield>
    <subfield code="e">Donation from Books for Africa</subfield>
    <subfield code="g">855.97</subfield>
    <subfield code="l">0</subfield>
    <subfield code="o">LB 1028.25 .S3 1993</subfield>
    <subfield code="p">33616/2026</subfield>
    <subfield code="r">2026-06-09 15:11:02</subfield>
    <subfield code="t">2</subfield>
    <subfield code="w">2026-06-09</subfield>
    <subfield code="y">BK</subfield>
  </datafield>
  <datafield tag="952" ind1=" " ind2=" ">
    <subfield code="0">0</subfield>
    <subfield code="1">0</subfield>
    <subfield code="2">lcc</subfield>
    <subfield code="4">0</subfield>
    <subfield code="7">0</subfield>
    <subfield code="8">LGL</subfield>
    <subfield code="a">BSL</subfield>
    <subfield code="b">CHK</subfield>
    <subfield code="c">GEN</subfield>
    <subfield code="d">2026-06-09</subfield>
    <subfield code="e">Donation from Books for Africa</subfield>
    <subfield code="g">855.97</subfield>
    <subfield code="l">0</subfield>
    <subfield code="o">LB 1028.25 .S3 1993</subfield>
    <subfield code="p">33612/2026</subfield>
    <subfield code="r">2026-06-09 15:13:11</subfield>
    <subfield code="t">10</subfield>
    <subfield code="w">2026-06-09</subfield>
    <subfield code="y">BK</subfield>
  </datafield>
  <datafield tag="952" ind1=" " ind2=" ">
    <subfield code="0">0</subfield>
    <subfield code="1">0</subfield>
    <subfield code="2">lcc</subfield>
    <subfield code="4">0</subfield>
    <subfield code="7">0</subfield>
    <subfield code="8">LGL</subfield>
    <subfield code="a">CHG</subfield>
    <subfield code="b">CHK</subfield>
    <subfield code="c">GEN</subfield>
    <subfield code="d">2026-06-09</subfield>
    <subfield code="e">Donation from Books for Africa</subfield>
    <subfield code="g">855.97</subfield>
    <subfield code="l">0</subfield>
    <subfield code="o">LB 1028.25 .S3 1993</subfield>
    <subfield code="p">33610/2026</subfield>
    <subfield code="r">2026-06-09 15:14:24</subfield>
    <subfield code="t">1</subfield>
    <subfield code="w">2026-06-09</subfield>
    <subfield code="y">BK</subfield>
  </datafield>
  <datafield tag="952" ind1=" " ind2=" ">
    <subfield code="0">0</subfield>
    <subfield code="1">0</subfield>
    <subfield code="2">lcc</subfield>
    <subfield code="4">0</subfield>
    <subfield code="7">0</subfield>
    <subfield code="8">LGL</subfield>
    <subfield code="a">EMB</subfield>
    <subfield code="b">CHK</subfield>
    <subfield code="c">GEN</subfield>
    <subfield code="d">2026-06-09</subfield>
    <subfield code="e">Donation from Books for Africa</subfield>
    <subfield code="g">855.97</subfield>
    <subfield code="l">0</subfield>
    <subfield code="o">LB 1028.25 .S3 1993</subfield>
    <subfield code="p">33611/2026</subfield>
    <subfield code="r">2026-06-09 15:15:28</subfield>
    <subfield code="t">7</subfield>
    <subfield code="w">2026-06-09</subfield>
    <subfield code="y">BK</subfield>
  </datafield>
  <datafield tag="952" ind1=" " ind2=" ">
    <subfield code="0">0</subfield>
    <subfield code="1">0</subfield>
    <subfield code="2">lcc</subfield>
    <subfield code="4">0</subfield>
    <subfield code="7">0</subfield>
    <subfield code="8">LGL</subfield>
    <subfield code="a">CHK</subfield>
    <subfield code="b">CHK</subfield>
    <subfield code="c">GEN</subfield>
    <subfield code="d">2026-06-09</subfield>
    <subfield code="e">Donation from Books for Africa</subfield>
    <subfield code="g">855.97</subfield>
    <subfield code="l">0</subfield>
    <subfield code="o">LB 1028.25 .S3 1993</subfield>
    <subfield code="p">33613/2026</subfield>
    <subfield code="r">2026-06-09 15:16:59</subfield>
    <subfield code="t">5</subfield>
    <subfield code="w">2026-06-09</subfield>
    <subfield code="y">BK</subfield>
  </datafield>
  <datafield tag="952" ind1=" " ind2=" ">
    <subfield code="0">0</subfield>
    <subfield code="1">0</subfield>
    <subfield code="2">lcc</subfield>
    <subfield code="4">0</subfield>
    <subfield code="7">0</subfield>
    <subfield code="8">LGL</subfield>
    <subfield code="a">CHK</subfield>
    <subfield code="b">CHK</subfield>
    <subfield code="c">GEN</subfield>
    <subfield code="d">2026-06-09</subfield>
    <subfield code="e">Donation from Books for Africa</subfield>
    <subfield code="g">855.97</subfield>
    <subfield code="l">0</subfield>
    <subfield code="o">LB 1028.25 .S3 1993</subfield>
    <subfield code="p">33609/2026</subfield>
    <subfield code="r">2026-06-09 15:19:03</subfield>
    <subfield code="t">8</subfield>
    <subfield code="w">2026-06-09</subfield>
    <subfield code="y">BK</subfield>
  </datafield>
  <datafield tag="952" ind1=" " ind2=" ">
    <subfield code="0">0</subfield>
    <subfield code="1">0</subfield>
    <subfield code="2">lcc</subfield>
    <subfield code="4">0</subfield>
    <subfield code="7">0</subfield>
    <subfield code="8">LGL</subfield>
    <subfield code="a">EMB</subfield>
    <subfield code="b">CHK</subfield>
    <subfield code="c">GEN</subfield>
    <subfield code="d">2026-06-09</subfield>
    <subfield code="e">Donation from Books for Africa</subfield>
    <subfield code="g">855.97</subfield>
    <subfield code="l">0</subfield>
    <subfield code="o">LB 1028.25 .S3 1993</subfield>
    <subfield code="p">33615/2026</subfield>
    <subfield code="r">2026-06-09 15:21:25</subfield>
    <subfield code="t">3</subfield>
    <subfield code="w">2026-06-09</subfield>
    <subfield code="y">BK</subfield>
  </datafield>
  <datafield tag="999" ind1=" " ind2=" ">
    <subfield code="c">23690</subfield>
    <subfield code="d">23690</subfield>
  </datafield>
</record>
